Education and sports psychology / (Record no. 59485)
[ view plain ]
| 000 -LEADER | |
|---|---|
| fixed length control field | 00788nam a22002177a 4500 |
| 005 - DATE AND TIME OF LATEST TRANSACTION | |
| control field | 20130408114556.0 |
| 010 ## - LCCN (DPL NO) | |
| LC control number | ENG-104350 |
| 020 ## - INTERNATIONAL STANDARD BOOK NUMBER | |
| International Standard Book Number | 9788178796284 |
| Terms of availability | 800.00 |
| 035 ## - SYSTEM CONTROL NUMBER | |
| System control number | EN -87883 |
| 035 ## - SYSTEM CONTROL NUMBER | |
| System control number | B-491398 |
| 037 ## - SOURCE OF ACQUISITION | |
| Source of stock number/acquisition | DBAD/PUB |
| 037 ## - SOURCE OF ACQUISITION | |
| Source of stock number/acquisition | Indraprastha Prakashan/Ven |
| 082 ## - DEWEY DECIMAL CLASSIFICATION NUMBER | |
| Classification number | 370.15 |
| 245 ## - TITLE STATEMENT | |
| Title | Education and sports psychology / |
| Statement of responsibility, etc | edited & compiled by Ramesh Chandra Pradhan |
| 260 ## - PUBLICATION, DISTRIBUTION, ETC. (IMPRINT) | |
| Place of publication, distribution, etc | New Delhi |
| Name of publisher, distributor, etc | Sports Publication |
| Date of publication, distribution, etc | 2011 |
| 270 ## - ADDRESS | |
| Address | 7/26, Ground Floor, Ansari Road,Darya Ganj, |
| City | New Delhi |
| Postal code | 110002 |
| 300 ## - PHYSICAL DESCRIPTION | |
| Extent | 267p. |
| Dimensions | 23cm(Hb) |
| 700 ## - ADDED ENTRY--PERSONAL NAME | |
| Personal name | Pradhan, Ramesh Chandra |
| 9 (RLIN) | 37115 |
| 942 ## - ADDED ENTRY ELEMENTS (KOHA) | |
| Source of classification or shelving scheme | Dewey Decimal Classification |
| Item type | English Books |
| Call number suffix | EDU |
| Classification part | 370.15 |
| Withdrawn status | Lost status | Not for loan | Collection code | Home library | Current library | Date acquired | Source of acquisition | Cost, normal purchase price | Full call number | Barcode | Copy number | Cost, replacement price | Koha item type |
|---|---|---|---|---|---|---|---|---|---|---|---|---|---|
| Non-fiction | Central Library | Central Library | 08/04/2013 | Indraprastha Prakashan/896/11.01.2013/118/18.12.2012/18.1.13 | 800.00 | 370.15 EDU | B-491398 | 1 | 800.00 | English Books | |||
| Not For Loan | Non-fiction | D.B.Act.Division | D.B.Act.Division | 15/12/2011 | DBAD / PUB | 800.00 | 370.15 EDU | EN -87883 | 1 | 800.00 | English Books |
